Snails / (Record no. 8464)

MARC details
000 -LEADER
fixed length control field 00840nam a22002777a 4500
001 - CONTROL NUMBER
control field 8464
003 - CONTROL NUMBER IDENTIFIER
control field FISKH
005 - DATE AND TIME OF LATEST TRANSACTION
control field 20250915100307.0
008 - FIXED-LENGTH DATA ELEMENTS--GENERAL INFORMATION
fixed length control field 250915b cb ||||| |||| 00| 0 eng d
020 ## - INTERNATIONAL STANDARD BOOK NUMBER
International Standard Book Number 9780736880664
040 ## - CATALOGING SOURCE
Original cataloging agency FISKH
Language of cataloging eng
Transcribing agency FISKH
Modifying agency FISKH
050 ## - LIBRARY OF CONGRESS CALL NUMBER
Classification number QL430 .H65
082 ## - DEWEY DECIMAL CLASSIFICATION NUMBER
Classification number 593.3
100 ## - MAIN ENTRY--PERSONAL NAME
Personal name Holmes, Kevin J.
245 ## - TITLE STATEMENT
Title Snails /
Statement of responsibility, etc. by Kevin J. Holmes
260 ## - PUBLICATION, DISTRIBUTION, ETC.
Place of publication, distribution, etc. Minnestota :
Name of publisher, distributor, etc. Bridgestone Books ,
Date of publication, distribution, etc. 1998.
300 ## - PHYSICAL DESCRIPTION
Extent 24 pages :
Other physical details color illustrations ;
Dimensions 20 x 20 cm .
490 ## - SERIES STATEMENT
Series statement Animals - Bridgestone
505 ## - FORMATTED CONTENTS NOTE
Formatted contents note K <br/>
520 ## - SUMMARY, ETC.
Summary, etc. An introduction to snails' physical characteristics, habits, behavior, and relationships to humans.
521 8# - TARGET AUDIENCE NOTE
Target audience note 510 <br/>
Source Lexile estimate <br/>
521 8# - TARGET AUDIENCE NOTE
Target audience note K <br/>
Source Raz-Plus <br/>
650 ## - SUBJECT ADDED ENTRY--TOPICAL TERM
Topical term or geographic name entry element Snails
Form subdivision Juvenile Literaute
942 ## - ADDED ENTRY ELEMENTS (KOHA)
Source of classification or shelving scheme Dewey Decimal Classification
Koha item type Books
Suppress in OPAC No
Holdings
Withdrawn status Lost status Source of classification or shelving scheme Damaged status Not for loan Collection Home library Current library Shelving location Date acquired Total Checkouts Full call number Barcode Date last seen Date last checked out Price effective from Koha item type
    Dewey Decimal Classification     Non-Fiction Footprints International School Library Network Toul Tom Poung Campus Footprints International School Library Network Toul Tom Poung Campus TTP Primary Yellow Bookshelves 09/15/2025 1 HOL 593.3 QL430 .H65 FIS01211 12/10/2025 11/26/2025 09/15/2025 Books